000
00319nam a22001337a 4500
008
170628b xxu||||| |||| 00| 0 eng d
020
_a
9781457665219
041
_a
eng
080
_2
8 ED
_a
82
100
_a
22
101
_a
GJL
245
_a
THE WRITERS PRESENCE A POOL OF READINGS
_c
MCQUADE.D
942
_2
udc
_c
BK
999
_c
19422
_d
19422